Darbar-e-dil (Urdu)(دربارے دل) (Record no. 51724)
[ view plain ]
| 000 -LEADER | |
|---|---|
| fixed length control field | 00579nam a2200193Ia 4500 |
| 001 - CONTROL NUMBER | |
| control field | 54316 |
| 003 - CONTROL NUMBER IDENTIFIER | |
| control field | OSt |
| 005 - DATE AND TIME OF LATEST TRANSACTION | |
| control field | 20150709093653.0 |
| 008 - FIXED-LENGTH DATA ELEMENTS--GENERAL INFORMATION | |
| fixed length control field | 140505s9999 xx 000 0 und d |
| 020 ## - INTERNATIONAL STANDARD BOOK NUMBER | |
| International Standard Book Number | NA |
| 040 ## - CATALOGING SOURCE | |
| Transcribing agency | PK-LaUMT |
| 082 ## - DEWEY DECIMAL CLASSIFICATION NUMBER | |
| Classification number | 891.4393 |
| Item number | UME-D |
| 100 ## - MAIN ENTRY--PERSONAL NAME | |
| Personal name | Umera Ahmed(عمیرہ احمد) |
| 245 ## - TITLE STATEMENT | |
| Title | Darbar-e-dil (Urdu)(دربارے دل) |
| Statement of responsibility, etc | Umera Ahmed(عمیرہ احمد) |
| 260 ## - PUBLICATION, DISTRIBUTION, ETC. (IMPRINT) | |
| Place of publication, distribution, etc | Lahore,Pakistan:(لاہور،پاکستان) |
| Name of publisher, distributor, etc | Ilm-o-Irfan Publishers,(علم و عرفان پبلشرز) |
| Date of publication, distribution, etc | 2012 |
| 300 ## - PHYSICAL DESCRIPTION | |
| Extent | 144 p. |
| 546 ## - LANGUAGE NOTE | |
| Language note | UR |
| 942 ## - ADDED ENTRY ELEMENTS (KOHA) | |
| Koha item type | Books |
| Source of classification or shelving scheme | Dewey Decimal Classification |
| Withdrawn status | Lost status | Damaged status | Not for loan | Home library | Current library | Date acquired | Total Checkouts | Total Renewals | Full call number | Barcode | Date last seen | Date checked out | Price effective from | Koha item type |
|---|---|---|---|---|---|---|---|---|---|---|---|---|---|---|
| UMT Main Campus | UMT Main Campus | 2014-05-05 | 99 | 4 | 891.4393 UME-D | 62615 | 2026-06-02 | 2026-05-19 | 2014-05-08 | Books |
